| 000 | 00427nam a22001697a 4500 | ||
|---|---|---|---|
| 003 | OSt | ||
| 005 | 20210913111138.0 | ||
| 008 | 210913b |||||||| |||| 00| 0 eng d | ||
| 020 | _a1-55934-522-5 | ||
| 040 | _cHAWASSA UNIVERSITY | ||
| 050 |
_a306/BOD _b1 |
||
| 082 |
_23 _a306/BOD _b1 |
||
| 100 |
_aBODLEY H. JOHN _93062 |
||
| 245 | _aANHROPOLOGY AND COTEMPORARY HUMA PROBLEMS | ||
| 260 |
_aLONDEN _c1996 |
||
| 942 |
_2ddc _cBOOKS _n0 |
||
| 999 |
_c3289 _d3289 |
||